| 000 | 01434nam0a2200349 4500 | ||
|---|---|---|---|
| 001 | RU\NLR\BIBL_A\012512664 | ||
| 005 | 20210607160338.0 | ||
| 010 |
_a978-5-400-01443-7 _9300 |
||
| 021 |
_aRU _bКН-П-20-084140 _9КН-П-20-6395 |
||
| 035 | _a(NLR Aleph) 012512664 | ||
| 035 | _a(RuMoRGB)010526990 | ||
| 090 |
_a12277335 _c12277335 |
||
| 100 | _a20210428d2018 u y0rusy50 ca | ||
| 101 | 0 | _arus | |
| 102 | _aRU | ||
| 105 | _a |||z|||000 y | ||
| 181 | 0 |
_ai3 _baxxe |
|
| 182 | 0 | _an | |
| 200 | 1 |
_aПутей смещенных параллели _eповести _fГеоргий Бабкин _g[предисл. Н.Н. Белозеровой] |
|
| 203 |
_aТекст _bвизуальный _cнепосредственный |
||
| 210 |
_aТюмень _cИзд-во Тюменского государственного университета _d2018 |
||
| 215 |
_a101, [3] с. _cил., цв. ил. _d21 |
||
| 300 | _aВеликой Победе посвящается | ||
| 327 | 1 | _aСодерж.: Поезд уносил меня из детства; Девочка из неизвестной галактики | |
| 686 | 2 | _aШ6(2=Р)8-440.4Вел.От.в. | |
| 700 | 1 |
_aБабкин _bГ. С. _f1924- _gГеоргий Сергеевич |
|
| 942 | _cBOOK | ||
| 980 | _aNBR | ||
| 980 | _aNB | ||